| 000 | 00797nam a2200277 i 4500 | ||
|---|---|---|---|
| 001 | 000026717 | ||
| 003 | DO-SdBNP | ||
| 005 | 20250723100726.0 | ||
| 007 | ta | ||
| 008 | 250723s1982 dr ab r 000 0 spa d | ||
| 040 |
_aDO-SdBNP _bspa _cBNPHU _erda |
||
| 041 | _asp | ||
| 082 | 4 |
_axxx _bR696a _222 |
|
| 100 | 1 |
_aRodríguez Demorizi, Emilio _eautor _4aut. _953824 |
|
| 245 | 1 | 0 |
_aArtes dominicanas / _cEmilio Rodríguez Demorizi |
| 264 | 4 |
_aSanto Domingo : _bCaribe Grolier, _c1982. |
|
| 300 |
_a141, páginas : _bilustraciones ; _c29 cm. |
||
| 336 |
_atexto _btxt _2rdacontent |
||
| 337 |
_asin mediación _bn _2rdamedia |
||
| 338 |
_avolumen _bnc _2rdacarrier |
||
| 490 | _aColecciones dominicanas | ||
| 590 | _aInventariado, 2025/ DG | ||
| 651 | _95410 | ||
| 910 | _aDG | ||
| 942 |
_2ddc _cLBS1 |
||
| 999 |
_c59620 _d59620 |
||